Personální řízení v Evropě. 1

Charakteristiky personálneho útvaru. Personálna stratégia. Získavanie pracovníkov.

Guardado en:
Detalles Bibliográficos
Autor principal: Koubek, Josef
Formato: Capítulo de libro
Lenguaje:checo
Materias:
Etiquetas: Agregar Etiqueta
Sin Etiquetas, Sea el primero en etiquetar este registro!

MARC

LEADER 00000naa a2200000 4500
001 r014122
005 20221213083114.5
041 0 |a cze 
044 |a CZ 
245 1 0 |a Personální řízení v Evropě. 1  |c Josef Koubek 
520 |a Charakteristiky personálneho útvaru. Personálna stratégia. Získavanie pracovníkov. 
610 2 0 |a personál 
610 2 0 |a riadenie 
610 2 0 |a práca personálna 
610 2 0 |a personalistika 
610 2 0 |a personalisti 
610 2 0 |a riadenie strategické 
610 2 0 |a západná Európa 
100 1 |a Koubek, Josef